000 00351nam a2200133Ia 4500
005 20251222143138.0
008 251222s9999||||xx |||||||||||||| ||spa||
020 _a978-9972-9329-2-2
082 _a658.834.2/C78
100 _aCorcuera, Paúl
245 0 _aEstilos de Vida de Los Adolescentes Peruanos
264 _bUniversidad de Piura
942 _cLIB
999 _c12202
_d12202